Pesticide chemistry and modern toxicology (Record no. 37310)
[ view plain ]
| 000 -LEADER | |
|---|---|
| fixed length control field | 00302nam a2200121Ia 4500 |
| 082 ## - DEWEY DECIMAL CLASSIFICATION NUMBER | |
| Classification number | 615.9 |
| Item number | BAN;1 |
| 245 #0 - TITLE STATEMENT | |
| Title | Pesticide chemistry and modern toxicology |
| 260 ## - PUBLICATION, DISTRIBUTION, ETC. (IMPRINT) | |
| Place of publication | Washington |
| Name of publisher | ACS |
| Year of publication | 1981 |
| 650 ## - SUBJECT ADDED ENTRY--TOPICAL TERM | |
| Topical Term | Toxicology |
| 700 ## - ADDED ENTRY--PERSONAL NAME | |
| Personal name | S Kris |
| 942 ## - ADDED ENTRY ELEMENTS (KOHA) | |
| Koha item type | Books |
| Withdrawn status | Lost status | Damaged status | Not for loan | Home library | Current library | Date acquired | Cost, normal purchase price | Full call number | Accession Number | Koha item type |
|---|---|---|---|---|---|---|---|---|---|---|
| RRII Library | RRII Library | 16/12/2021 | 50.95 | 615.9 BAN;1 | 17696 | Books |